Online katalóg knižníc regiónu Turca

Ave Eva / (Record no. 21193)

MARC details
000 -LEADER
fixed length control field 01071nam a22003371i 4500
001 - CONTROL NUMBER
control field 21193
003 - CONTROL NUMBER IDENTIFIER
control field CZ PrNK
005 - DATE AND TIME OF LATEST TRANSACTION
control field 20260224143511.0
007 - PHYSICAL DESCRIPTION FIXED FIELD--GENERAL INFORMATION
fixed length control field ta
008 - FIXED-LENGTH DATA ELEMENTS--GENERAL INFORMATION
fixed length control field 010401s1977 xr a g 000 p slo
015 ## - NATIONAL BIBLIOGRAPHY NUMBER
National bibliography number cnb001012266
020 ## - INTERNATIONAL STANDARD BOOK NUMBER
Qualifying information (Vázáno) :
Terms of availability Kčs 25,00
040 ## - CATALOGING SOURCE
Original cataloging agency ABA001
Language of cataloging cze
Transcribing agency ABA001
Modifying agency ABA001
Description conventions rda
044 ## - COUNTRY OF PUBLISHING/PRODUCING ENTITY CODE
MARC country code xr
-- xo
072 #7 - SUBJECT CATEGORY CODE
Subject category code 821.162.4
Subject category code subdivision Slovenská literatura
Source Konspekt
080 ## - UNIVERSAL DECIMAL CLASSIFICATION NUMBER
Universal Decimal Classification number 821.162.4-1
Edition identifier MRF
080 ## - UNIVERSAL DECIMAL CLASSIFICATION NUMBER
Universal Decimal Classification number (0:82-1)
Edition identifier MRF
100 1# - MAIN ENTRY--PERSONAL NAME
Personal name Kostra, Ján,
Dates associated with a name 1910-1975
Relationship aut
-- ill
245 10 - TITLE STATEMENT
Title Ave Eva /
Statement of responsibility, etc. Ján Kostra ; kresby Ján Kostra
250 ## - EDITION STATEMENT
Edition statement Vydanie piate (v Smene prvé)
264 #1 - PRODUCTION, PUBLICATION, DISTRIBUTION, MANUFACTURE, AND COPYRIGHT NOTICE
Place of production, publication, distribution, manufacture Bratislava :
Name of producer, publisher, distributor, manufacturer Smena ;
Place of production, publication, distribution, manufacture [Praha] :
Name of producer, publisher, distributor, manufacturer Mladá fronta :
-- Naše vojsko,
Date of production, publication, distribution, manufacture, or copyright notice 1977
300 ## - PHYSICAL DESCRIPTION
Extent 239 stran, 16 nečíslovaných listů obrazových příloh :
Other physical details ilustrace ;
Dimensions 21 cm
336 ## - CONTENT TYPE
Content type term text
Content type code txt
Source rdacontent
337 ## - MEDIA TYPE
Media type term bez média
Media type code n
Source rdamedia
338 ## - CARRIER TYPE
Carrier type term svazek
Carrier type code nc
Source rdacarrier
490 1# - SERIES STATEMENT
Series statement Máj ;
Volume/sequential designation zväzok 286
655 #7 - INDEX TERM--GENRE/FORM
Genre/form data or focus term slovenská poezie
Source of term czenas
830 #0 - SERIES ADDED ENTRY--UNIFORM TITLE
Uniform title Máj (Smena)
910 ## - USER-OPTION DATA (OCLC)
User-option data ABA001
942 ## - ADDED ENTRY ELEMENTS (KOHA)
Source of classification or shelving scheme Dewey Decimal Classification
Koha item type Krásna literatúra pre dospelých
Suppress in OPAC No
Holdings
Stav vyradenia Strata Poškodenie Spôsob nadobudnutia Domovská knižnica Aktuálna knižnica Dátum nadobudnutia Total checkouts Čiarový kód exemplára Date last seen Typ exemplára
      Dar Obecná knižnica Horná Štubňa Obecná knižnica Horná Štubňa 24.02.2026   4736201467 24.02.2026 Krásna literatúra pre dospelých
Projekt je podporený Slovenskou asociáciou knižníc
Prevádzkuje Turčianska knižnica Martin 2026